| 000 | 00621nam a2200217Ii 4500 | ||
|---|---|---|---|
| 003 | JO-AjNU | ||
| 008 | 230606s9999||||xx |||||||||||||| ||und|| | ||
| 020 | _a978-1-4180-3959-2 | ||
| 040 |
_aJO-AjNU _beng _erda _cJO-AjNU |
||
| 041 | _aeng | ||
| 050 | 1 | 4 | _aQA76.73.C15.B378.2007 |
| 100 | 3 |
_aBarnet ,cox, _eauthor _9855 |
|
| 245 | 0 | 0 | _aEmbeddedc programming and the atmel avr |
| 250 | _a2 ed | ||
| 264 | 3 | 1 | _aCANDA:DELMAR,2009 |
| 300 | _a532p | ||
| 336 |
_atext _btxt _2rdacontent |
||
| 337 |
_aunmediated _bn _2rdamedia |
||
| 338 |
_avolume _bnc _2rdacarrier |
||
| 650 | 4 |
_aEmbeddedc programming and the atmel avr _9856 |
|
| 999 |
_aE452 _c452 _d452 |
||